000 00926nam a2200265 i 4500
001 000017101
003 DO-SdBNP
005 20240124131956.0
007 ta
008 100317e1974 dr h gr 000 e spa d
040 _aDO-SdBNP
_bspa
_cBNPHU
_erda
082 4 _a616.951
_bS211a
_222
100 1 _aSánchez Valverde, Antonio,
_96352
_eautor
245 1 3 _aLa América vindicada de la calumnia de haber sido madre del mal venereo /
_cAntonio Sánchez Valverde.
250 _aFacsímil
264 _aSanto Domingo :
_bSociedad Dominicana de Bibliófilos,
_c1974.
300 _a79 páginas ;
_c21 cm.
336 _2rdacontent
_atexto
_btxt
337 _2rdamedia
_asin mediación
_bnc
338 _2rdacarrier
_avolumen
_bn
500 _aIncluye referencias bibliográficas y notas al pie de las páginas
590 _aInventariado 2023 / MF
650 4 _aEnfermedades venéreas
_zAmérica
_xHistoria
_937694
942 _2ddc
_cLBS1
999 _c16627
_d16627